I.V. Therapy Demystified / (Record no. 15347)
[ view plain ]
| 000 -LEADER | |
|---|---|
| fixed length control field | 01927cam a22003974a 4500 |
| 001 - CONTROL NUMBER | |
| control field | 14976469 |
| 005 - DATE AND TIME OF LATEST TRANSACTION | |
| control field | 20101021160814.0 |
| 008 - FIXED-LENGTH DATA ELEMENTS--GENERAL INFORMATION | |
| fixed length control field | 070821s2008 nyua b 001 0 eng |
| 010 ## - LIBRARY OF CONGRESS CONTROL NUMBER | |
| LC control number | 2007034873 |
| 016 7# - NATIONAL BIBLIOGRAPHIC AGENCY CONTROL NUMBER | |
| Record control number | 101314694 |
| Source | DNLM |
| 016 7# - NATIONAL BIBLIOGRAPHIC AGENCY CONTROL NUMBER | |
| Record control number | 014015439 |
| Source | Uk |
| 020 ## - INTERNATIONAL STANDARD BOOK NUMBER | |
| International Standard Book Number | 0071496785 |
| 020 ## - INTERNATIONAL STANDARD BOOK NUMBER | |
| International Standard Book Number | 9780071496780 |
| 040 ## - CATALOGING SOURCE | |
| Original cataloging agency | DLC |
| Transcribing agency | DLC |
| 042 ## - AUTHENTICATION CODE | |
| Authentication code | pcc |
| 082 ## - DEWEY DECIMAL CLASSIFICATION NUMBER | |
| Edition number | 22 |
| Classification number | 615.855 |
| Item number | CHE |
| 100 1# - MAIN ENTRY--PERSONAL NAME | |
| Personal name | Cheever, Kerry H. |
| 9 (RLIN) | 23980 |
| 245 10 - TITLE STATEMENT | |
| Title | I.V. Therapy Demystified / |
| Statement of responsibility, etc | Kerry H. Cheever. |
| 246 3# - VARYING FORM OF TITLE | |
| Title proper/short title | IV therapy demystified |
| 246 3# - VARYING FORM OF TITLE | |
| Title proper/short title | Intravenous therapy demystified |
| 260 ## - PUBLICATION, DISTRIBUTION, ETC. (IMPRINT) | |
| Place of publication, distribution, etc | New York : |
| Name of publisher, distributor, etc | McGraw-Hill Medical, 2008 |
| Date of publication, distribution, etc | c2008. |
| 300 ## - PHYSICAL DESCRIPTION | |
| Extent | xvii, 249 p. : |
| Other physical details | ill. ; |
| Dimensions | 24 cm. |
| 490 1# - Series Statement | |
| Series statement | Demystified |
| -- | 23981 |
| 500 ## - GENERAL NOTE | |
| General note | "A self-teaching guide"--Cover. |
| 504 ## - BIBLIOGRAPHY, ETC. NOTE | |
| Bibliography, etc | Includes bibliographical references (p. [233]-237) and index. |
| 505 0# - FORMATTED CONTENTS NOTE | |
| Formatted contents note | Introduction to intravenous therapy -- Fluids and electrolytes -- Intravenous therapy delivery systems -- Peripheral intravenous therapy -- Central intravenous therapy -- Intravenous therapy and the nursing process -- Crystalloid solutions -- Colloid solutions -- Blood component therapy -- Parenteral nutrition therapy -- Intravenous pharmacologic therapy -- Intravenous therapy and infants and children -- Intravenous therapy and the older adult -- Intravenous therapy within community-based settings. |
| 541 ## - IMMEDIATE SOURCE OF ACQUISITION NOTE | |
| Source of acquisition | Dr. Shahrazad ; |
| 650 #0 - SUBJECT ADDED ENTRY--TOPICAL TERM | |
| Topical term or geographic name as entry element | Intravenous therapy. |
| 9 (RLIN) | 23982 |
| 650 #0 - SUBJECT ADDED ENTRY--TOPICAL TERM | |
| Topical term or geographic name as entry element | Nursing. |
| 9 (RLIN) | 23983 |
| 650 12 - SUBJECT ADDED ENTRY--TOPICAL TERM | |
| Topical term or geographic name as entry element | Infusions, Intravenous |
| General subdivision | nursing. |
| 9 (RLIN) | 23984 |
| 653 ## - INDEX TERM--UNCONTROLLED | |
| Resource For college | |
| Arrived date list | May2011 |
| 830 #0 - SERIES ADDED ENTRY--UNIFORM TITLE | |
| Uniform title | McGraw-Hill "Demystified" series. |
| 9 (RLIN) | 23985 |
| 942 ## - ADDED ENTRY ELEMENTS (KOHA) | |
| Source of classification or shelving scheme | Dewey Decimal Classification |
| Item type | |
| Withdrawn status | Item status | Source of classification or shelving scheme | Damaged status | Not for loan | Vendor | Home library | Current library | Shelving location | Date acquired | Source of acquisition | Total Checkouts | Total Renewals | Full call number | Barcode | Date last seen | Date last borrowed | Koha item type |
|---|---|---|---|---|---|---|---|---|---|---|---|---|---|---|---|---|---|
| Dewey Decimal Classification | Donation-Gift | Central Library | Central Library | First floor | 19/05/2011 | Donation | 1 | 2 | 615.855 CHE | 000025102 | 15/07/2025 | 14/02/2012 | Book - Borrowing |